000 00683nam a2200193 4500
999 _c80529
_d80529
008 210108b ||||| |||| 00| 0 eng d
040 _aSTAFF
_bger
_cSTAFF
_erda
041 _ager
100 _aBahl, Jürgen
245 _aLudwig Burger und Theodor Fontane:
_bmit einem Anhang zur Familie Burger/
_cJürgen Bahl
600 _aFontane, Theodor
_2(1819-1898)
600 _aBurger, Ludwig
_2(1825-1884)
651 _aFrankfurt (Oder)
773 _dBerlin
_g121. Jahrgang (2020) Heft 3, S. 166-176
_tLandesgeschichtliche Vereinigung für die Mark Brandenburg e.V. gegründet 1884: Mitteilungsblatt
942 _cA